| 000 | 01399cam a22003374a 4500 | ||
|---|---|---|---|
| 001 | 12546437 | ||
| 005 | 20030709193611.0 | ||
| 008 | 010926s2002 caua 000 0 eng | ||
| 010 | _a 2001096353 | ||
| 020 | _a0125463340 | ||
| 040 |
_aDLC _cDLC _dDLC |
||
| 042 | _apcc | ||
| 050 | 0 | 0 |
_aTJ820 _b.W5767 2002 |
| 082 | 0 | 0 |
_a621.45 _221 _bWIN |
| 245 | 0 | 0 |
_aWind power in view : _benergy landscapes in a crowded world / _cedited by Martin J. Pasqualetti, Paul Gipe, Robert W. Righter. |
| 260 |
_aSan Diego : _bAcademic Press, _cc2002. |
||
| 300 |
_axi, 234 p. : _bill. (some col.) ; _c24 cm. |
||
| 440 | 0 |
_aSustainable world series _911487 |
|
| 500 | _aIncludes Index. | ||
| 650 | 0 |
_aWind power. _911488 |
|
| 650 | 0 |
_aLandscape design. _911489 |
|
| 650 | 0 |
_aLandscape architecture. _911490 |
|
| 700 | 1 |
_aPasqualetti, Martin J., _d1945- _911491 |
|
| 700 | 1 |
_aGipe, Paul. _911492 |
|
| 700 | 1 |
_aRighter, Robert W. _911493 |
|
| 856 | 4 | 2 |
_3Publisher description _uhttp://www.loc.gov/catdir/description/els031/2001096353.html |
| 856 | 4 | 1 |
_3Table of contents _uhttp://www.loc.gov/catdir/toc/els031/2001096353.html |
| 942 |
_2ddc _cBB |
||
| 999 |
_c13417 _d13417 |
||